|
|
|
|
| LEADER |
00000nam a2200000 a 4500 |
| 001 |
vtls001319211 |
| 003 |
SK-MaSNL |
| 005 |
20260301191712.0 |
| 008 |
130606s1998 xo 0 cze |
| 015 |
|
|
|a SNBJ1998/01-00307
|
| 035 |
|
|
|a SNK000271802
|
| 040 |
|
|
|a SNK
|b slo
|c SNK
|e AACR2
|
| 044 |
|
|
|a xo
|c SK
|
| 080 |
|
|
|a 791.43(450+44)(086.8)
|2 1981
|
| 245 |
1 |
|
|a Nirvana
|h videozáznam
|b rok 2005: je to jenom hra
|c réžia Gabriele Salvatores
|
| 260 |
|
|
|a Bratislava
|b Intersonic
|c 1997
|
| 300 |
|
|
|a 1 videokazeta (99 min.)
|b stereo, fareb., VHS systém PAL
|c 10x19 cm
|
| 511 |
|
|
|a Hrajú: Christopher Lambert (Jimmi), Diego Abatantuono, Sergio Rubini
|
| 521 |
|
|
|a Mládež do 15 r. nevhodné
|
| 650 |
0 |
7 |
|a filmy sci-fi
|x videokazety
|2 SNK
|9 288449
|
| 655 |
|
7 |
|a videokazety
|2 SNK
|9 70726
|
| 700 |
1 |
|
|a Salvatores, Gabriele
|4 aud
|9 40972
|
| 700 |
1 |
|
|a Lambert, Christopher,
|d 1957-
|4 uci
|9 119192
|
| 700 |
1 |
|
|a Abatantuono, Diego
|4 uci
|9 40774
|
| 700 |
1 |
|
|a Rubini, Sergio,
|d 1959-
|4 uci
|9 41182
|
| 999 |
|
|
|c 871921
|d 873851
|
| 952 |
|
|
|t P60, <03>, [BOOK], {603}
|a SNK
|b SNK
|y PREZ
|7 0
|p 17A0118707
|o snkSVC 1000
|i snkJK 83/98
|0 0
|1 0
|4 0
|d 1998-02-04
|l 0
|r 2005-01-02 00:00:00
|w 2026-02-24
|